000
00280nam a2200109Ia 4500
008
200302s9999 xx 000 0 und d
100
_a
Susan Zevon
245
_a
Inside Architecture Interiors By Architects
260
_b
Rockport Publishers Inc.
260
_c
2000
300
_a
192 P.,
999
_c
2085
_d
2085